Online
Catalog

Marcados para ver su gloria / (Record no. 20252)

MARC details
000 -CABECERA
campo de control de longitud fija 00634nam a2200169 a 4500
001 - NÚMERO DE CONTROL
campo de control 000020748
005 - FECHA Y HORA DE LA ÚLTIMA TRANSACCIÓN
campo de control 20200930011145.0
008 - DATOS DE LONGITUD FIJA--INFORMACIÓN GENERAL
campo de control de longitud fija 090709s2014 dr 000 0 spa d
040 ## - FUENTE DE LA CATALOGACIÓN
Centro catalogador/agencia de origen DO-SdBNP
Lengua de catalogación spa
Centro/agencia transcriptor BNPHU
082 ## - NÚMERO DE LA CLASIFICACIÓN DECIMAL DEWEY
Número de clasificación xxxxxxxx
Número de documento/Ítem xxxxxxxx
100 1# - ENTRADA PRINCIPAL--NOMBRE DE PERSONA
Nombre de persona Pacheco, Franklin
9 (RLIN) 43503
245 13 - MENCIÓN DE TÍTULO
Título Marcados para ver su gloria /
Mención de responsabilidad, etc. Franklin Pacheco ; prólogo Elvis de Jesús De León.
260 ## - PUBLICACIÓN, DISTRIBUCIÓN, ETC.
Lugar de publicación, distribución, etc. Santo Domingo :
Nombre del editor, distribuidor, etc. [s.e.],
Fecha de publicación, distribución, etc. 2014.
300 ## - DESCRIPCIÓN FÍSICA
Extensión 154 p. ;
Dimensiones 22 cm.
500 ## - NOTA GENERAL
Nota general Una de las mayores manifestaciones de poder en la vida de un hombre es la que trae el diseño de su marca
700 1# - PUNTO DE ACCESO ADICIONAL--NOMBRE DE PERSONA
Nombre de persona De Jesús De León, Elvis,
Término indicativo de función/relación pról.
9 (RLIN) 43504
Holdings
Estado de retiro Estado de pérdida Restricciones de uso No para préstamo Código de colección Localización permanente Ubicación/localización actual Ubicación en estantería Fecha de adquisición Número de inventario Total de préstamos Signatura topográfica completa Código de barras Fecha visto por última vez Número de copia Precio válido a partir de Tipo de ítem Koha
        Dominicana de Servicio General General Depósito 03.05.2017 LF1   xxxxxxxx xxxxxxxx 20748-30 25.06.2020 e. 3 25.06.2020 Libro y Folleto Colección Dominicana de Servicio
      Excluido de préstamo Patrimonio Dominicano Patrimonio Dominicano Patrimonio Dominicano Depósito 03.05.2017 LF1   xxxxxxxx xxxxxxxx 20748-10 25.06.2020   25.06.2020 Libro y Folleto Colección Patrimonio Dominicano
      Excluido de préstamo Patrimonio Dominicano Patrimonio Dominicano Patrimonio Dominicano Depósito 03.05.2017 LF1   xxxxxxxx xxxxxxxx 20748-20 25.06.2020 e. 2 25.06.2020 Libro y Folleto Colección Patrimonio Dominicano

Powered by Koha